000
00283nam a2200109Ia 4500
008
190912s9999||||xx |||||||||||||| ||und||
100
_a
Quaid-I-Azam Speaks
245
0
_a
Quaid-I-Azam Speaks: His Vision of Pakistan
260
_a
karachi
_b
McGraw-Hill
_c
1991
300
_a
42
942
_c
BK
999
_c
7379
_d
7379